[Event "Hanoi op"]
[Site "Hanoi"]
[Date "2022.08.26"]
[Round "6"]
[White "Hoang, Van Ngoc"]
[Black "Dau, Khuong Duy"]
[Result "0-1"]
[WhiteElo "2210"]
[BlackElo "1937"]
[PlyCount "70"]
[EventDate "2022.08.20"]
[EventType "swiss"]
[EventRounds "9"]
[EventCountry "VIE"]
[SourceTitle "CBM 209 Extra"]
[Source "ChessBase"]
[SourceDate "2022.09.30"]
[SourceVersion "1"]
[SourceVersionDate "2022.09.30"]
[SourceQuality "1"]

1. d4 Nf6 2. c4 g6 3. Nf3 Bg7 4. g3 0-0 5. Bg2 d6 6. Nc3 Nc6 7. 0-0 a6 8. h3 Bf5 9. Nh4 Bd7 10. e4 e5 11. d5 Nd4 12. Be3 Re8 13. Nf3 Nxf3+ 14. Qxf3 b5 15. Qe2 b4 16. Nd1 Kh8 17. Kh2 Ng8 18. Qd2 a5 19. a3 Qb8 20. Qc1 f5 21. a4 Rf8 22. f4 fxe4 23. Nf2 exf4 24. Bxf4 Nf6 25. Nxe4 Nxe4 26. Bxe4 Qe8 27. Re1 g5 28. Bg2 gxf4 29. Rxe8 fxg3+ 30. Kxg3 Raxe8 31. Bf1 Be5+ 32. Kg2 Bf5 33. Kh1 Be4+ 34. Bg2 Rf2 35. Bxe4 Rh2+ 0-1

[Event "Hanoi op"]
[Site "Hanoi"]
[Date "2019.02.24"]
[Round "4"]
[White "Hoang, Van Ngoc"]
[Black "Hoang, Minh Hieu"]
[Result "1-0"]
[WhiteElo "2221"]
[BlackElo "1771"]
[PlyCount "73"]
[EventDate "2019.02.22"]
[EventType "swiss"]
[EventRounds "9"]
[EventCountry "VIE"]
[SourceTitle "EXT 2021"]
[Source "ChessBase"]
[SourceDate "2020.10.23"]
[SourceVersion "1"]
[SourceVersionDate "2020.10.23"]
[SourceQuality "1"]

1. d4 c5 2. d5 Nf6 3. c4 e6 4. Nc3 exd5 5. cxd5 d6 6. e4 g6 7. Bd3 Bg7 8. Nge2 0-0 9. 0-0 Re8 10. Ng3 a6 11. a4 Nbd7 12. f4 Qc7 13. Kh1 c4 14. Bc2 h5 15. Be3 h4 16. Nge2 Nc5 17. Qb1 Nfxe4 18. Bxc5 Nxc5 19. f5 Nd3 20. fxg6 fxg6 21. Nf4 Nxf4 22. Rxf4 g5 23. Rf1 Rf8 24. Bh7+ Kh8 25. Qg6 Bf5 26. Rxf5 Rxf5 27. Qxf5 Rf8 28. Qxg5 Kxh7 29. Qxh4+ Kg8 30. Qe4 Be5 31. Re1 Rf2 32. Nd1 Rd2 33. Rf1 Qg7 34. Ne3 Rd4 35. Qf5 Rh4 36. Qe6+ Kh7 37. Qe8 1-0

[Event "VIE-chB"]
[Site "Ba Dinh"]
[Date "2018.12.02"]
[Round "7"]
[White "Hoang, Van Ngoc"]
[Black "Bui, Thanh Tung"]
[Result "1-0"]
[WhiteElo "2221"]
[BlackElo "1941"]
[PlyCount "80"]
[EventDate "2018.11.28"]
[EventType "swiss"]
[EventRounds "9"]
[EventCountry "VIE"]
[SourceTitle "EXT 2021"]
[Source "ChessBase"]
[SourceDate "2020.10.23"]
[SourceVersion "1"]
[SourceVersionDate "2020.10.23"]
[SourceQuality "1"]

1. d4 d5 2. c4 e6 3. cxd5 exd5 4. Nc3 Nf6 5. Bg5 Nbd7 6. e3 Be7 7. Bd3 0-0 8. Qc2 h6 9. Bh4 b6 10. Nge2 c5 11. 0-0 Bb7 12. Bf5 Ne4 13. Bxe7 Qxe7 14. dxc5 Ndxc5 15. Rfd1 Qg5 16. Nxd5 Rfe8 17. Bxe4 Rxe4 18. Nef4 Re5 19. Nc3 Ne6 20. Nce2 Nxf4 21. Nxf4 Rf5 22. Rd7 Rc8 23. Rc7 Rxc7 24. Qxc7 Be4 25. Rd1 Qg4 26. Qd8+ Kh7 27. h3 Qg5 28. Qxg5 hxg5 29. Ne2 Rd5 30. Rd4 Rxd4 31. exd4 Kg6 32. Nc3 Bd3 33. f3 Kf5 34. Kf2 Ke6 35. g3 f5 36. f4 Kf6 37. h4 gxh4 38. gxh4 Ke6 39. d5+ Kd6 40. Ke3 Bf1 1-0

[Event "VIE-chB"]
[Site "Ba Dinh"]
[Date "2018.11.30"]
[Round "4"]
[White "Duong, Thien Chuong"]
[Black "Hoang, Van Ngoc"]
[Result "0-1"]
[WhiteElo "1830"]
[BlackElo "2221"]
[PlyCount "68"]
[EventDate "2018.11.28"]
[EventType "swiss"]
[EventRounds "9"]
[EventCountry "VIE"]
[SourceTitle "EXT 2021"]
[Source "ChessBase"]
[SourceDate "2020.10.23"]
[SourceVersion "1"]
[SourceVersionDate "2020.10.23"]
[SourceQuality "1"]

1. e4 g6 2. d4 Bg7 3. Nf3 d6 4. Nc3 Nf6 5. h3 Nc6 6. Bb5 0-0 7. Bxc6 bxc6 8. 0-0 Nd7 9. Bg5 h6 10. Bh4 Rb8 11. Rb1 c5 12. Nd5 Re8 13. dxc5 Nxc5 14. e5 Bb7 15. exd6 cxd6 16. Re1 Bxd5 17. Qxd5 Rxb2 18. Rxb2 Bxb2 19. Nd4 Qa5 20. Re2 Qa4 21. Nf3 Ne6 22. Qb7 Bf6 23. Bxf6 exf6 24. Qd5 Qb4 25. Nd2 Kg7 26. Re4 Qc3 27. Ra4 a6 28. Nf3 Nc5 29. Rc4 Qa1+ 30. Kh2 Qf1 31. Rf4 Qxf2 32. Qxd6 Ne4 33. Qc7 Qg3+ 34. Kg1 Ng5 0-1

[Event "VIE-chT"]
[Site "Ho Chi Minh City"]
[Date "2017.07.28"]
[Round "8.17"]
[White "Hoang, Van Ngoc"]
[Black "Dang, Anh Minh"]
[Result "1-0"]
[WhiteElo "2204"]
[BlackElo "1495"]
[PlyCount "77"]
[EventDate "2017.07.24"]
[EventType "team-swiss"]
[EventRounds "9"]
[EventCountry "VIE"]
[SourceTitle "EXT 2019"]
[Source "ChessBase"]
[SourceDate "2018.10.10"]
[SourceVersion "1"]
[SourceVersionDate "2018.10.10"]
[SourceQuality "1"]

1. d4 Nf6 2. Bg5 c5 3. Nf3 e6 4. c3 Be7 5. Nbd2 b6 6. e4 d5 7. e5 Nfd7 8. Bf4 Nc6 9. a3 Bb7 10. Bd3 0-0 11. b4 cxd4 12. cxd4 a6 13. 0-0 Re8 14. Re1 f6 15. Qb1 f5 16. Nb3 Kh8 17. Qc1 h6 18. Bxh6 Kg8 19. Be3 Rf8 20. g3 Qe8 21. Kg2 Qh5 22. h4 Kf7 23. Be2 Qh7 24. Rh1 Rh8 25. Bg5 g6 26. Bxe7 Kxe7 27. Qg5+ Kf7 28. Rac1 Rac8 29. Qd2 Qg7 30. Ng5+ Ke7 31. b5 axb5 32. Bxb5 Rhe8 33. Bxc6 Bxc6 34. Qb4+ Kd8 35. Qd6 Ba4 36. Rxc8+ Kxc8 37. Rc1+ Kd8 38. Nd2 Qg8 39. Rc7 1-0

[Event "VIE-ch"]
[Site "Vietnam"]
[Date "2016.04.28"]
[Round "2"]
[White "Nguyen, Huynh Minh Huy"]
[Black "Hoang, Van Ngoc"]
[Result "1-0"]
[WhiteElo "2462"]
[BlackElo "2204"]
[PlyCount "67"]
[EventDate "2016.04.27"]
[EventType "swiss"]
[EventRounds "9"]
[EventCountry "VIE"]
[SourceTitle "CBM 172 Extra"]
[Source "ChessBase"]
[SourceDate "2016.06.21"]
[SourceVersion "1"]
[SourceVersionDate "2016.06.21"]
[SourceQuality "1"]

1. d4 d5 2. Nf3 Nf6 3. e3 Bf5 4. c4 c6 5. Nc3 e6 6. Nh4 Bg4 7. Qb3 Qb6 8. h3 Bh5 9. g4 Bg6 10. Nxg6 hxg6 11. Bg2 Nbd7 12. g5 Ng8 13. e4 dxe4 14. Nxe4 Qxd4 15. Be3 Qe5 16. Qxb7 Rb8 17. Qxa7 Bb4+ 18. Kf1 Ne7 19. Rd1 0-0 20. a3 Ba5 21. Bd4 Qf4 22. Qxa5 Nf5 23. Qd2 Qh4 24. Ng3 c5 25. Nxf5 gxf5 26. Bc3 Nb6 27. Qe2 Nxc4 28. g6 Rfd8 29. gxf7+ Kxf7 30. Re1 Rd6 31. Kg1 Kg8 32. Rh2 Re8 33. Bf1 Nb6 34. Qe5 1-0

[Event "VIE-chT"]
[Site "Ho Chi Minh City"]
[Date "2015.07.18"]
[Round "3.10"]
[White "Hoang, Van Ngoc"]
[Black "Vo, Thanh Ninh"]
[Result "1-0"]
[WhiteElo "2204"]
[BlackElo "2348"]
[PlyCount "57"]
[EventDate "2015.07.16"]
[EventType "team-swiss"]
[EventRounds "9"]
[EventCountry "VIE"]
[SourceTitle "EXT 2016"]
[Source "ChessBase"]
[SourceDate "2015.10.08"]
[SourceVersion "1"]
[SourceVersionDate "2015.10.08"]
[SourceQuality "1"]

1. e4 c5 2. Nf3 Nc6 3. b3 d6 4. Bb5 e5 5. 0-0 g6 6. c3 Bg7 7. h3 Nge7 8. d4 exd4 9. cxd4 Qb6 10. Na3 0-0 11. Bxc6 Nxc6 12. Nc4 Qd8 13. Bg5 Qd7 14. d5 Nd4 15. Nxd4 Bxd4 16. Bf4 f5 17. Bxd6 Re8 18. e5 b5 19. Ne3 Bxe5 20. Bxc5 Bb7 21. Rc1 f4 22. Ng4 h5 23. Nxe5 Rxe5 24. Qd3 Rg5 25. h4 Qxd5 26. Qxd5+ Rxd5 27. Rfe1 a5 28. Bb6 Ra6 29. Rc7 1-0

[Event "VIE-chT"]
[Site "Ho Chi Minh City"]
[Date "2015.07.17"]
[Round "2.3"]
[White "Nguyen, Van Huy"]
[Black "Hoang, Van Ngoc"]
[Result "1/2-1/2"]
[WhiteElo "2457"]
[BlackElo "2204"]
[PlyCount "105"]
[EventDate "2015.07.16"]
[EventType "team-swiss"]
[EventRounds "9"]
[EventCountry "VIE"]
[SourceTitle "EXT 2016"]
[Source "ChessBase"]
[SourceDate "2015.10.08"]
[SourceVersion "1"]
[SourceVersionDate "2015.10.08"]
[SourceQuality "1"]

1. d4 d5 2. Nf3 Nf6 3. c4 c6 4. Qb3 dxc4 5. Qxc4 Bf5 6. g3 e6 7. Bg2 Nbd7 8. 0-0 Be7 9. e3 0-0 10. Rd1 Qb6 11. Nc3 Ne4 12. Qe2 Rfd8 13. Ne1 Ndf6 14. f3 Nxc3 15. bxc3 c5 16. Bb2 c4 17. e4 Bg6 18. Rdb1 Qc7 19. a4 h5 20. Bf1 Rac8 21. Ng2 e5 22. Rc1 Nd7 23. Ne3 Bg5 24. Nd5 Qd6 25. f4 exf4 26. gxf4 Bxf4 27. Ba3 Qb8 28. Ne7+ Kh7 29. Re1 Nf6 30. Nxc8 Rxc8 31. e5 Ng4 32. Bd6 Qa8 33. Qf3 Bxh2+ 34. Kh1 b6 35. Qxa8 Rxa8 36. Bg2 Rh8 37. Bf3 Bg3 38. Re2 Bd3 39. Rg1 Bxe2 40. Bxe2 Nf2+ 41. Kg2 h4 42. Rf1 Ne4 43. Bxc4 Nxd6 44. exd6 Bxd6 45. Bxf7 Rf8 46. Kh3 g5 47. Rf5 Kg7 48. Be6 Rxf5 49. Bxf5 Ba3 50. c4 Kf6 51. Bc8 Bb2 52. c5 Bxd4 53. cxb6 1/2-1/2

[Event "VIE-ch"]
[Site "Da Lat"]
[Date "2014.03.26"]
[Round "1"]
[White "Hoang, Van Ngoc"]
[Black "Nguyen, Duc Hoa"]
[Result "0-1"]
[WhiteElo "2242"]
[BlackElo "2496"]
[PlyCount "82"]
[EventDate "2014.03.26"]
[EventType "swiss"]
[EventRounds "11"]
[EventCountry "VIE"]
[SourceTitle "CBM 159 Extra"]
[Source "ChessBase"]
[SourceDate "2014.04.24"]
[SourceVersion "1"]
[SourceVersionDate "2014.04.24"]
[SourceQuality "1"]

1. d4 d5 2. c4 e6 3. Nc3 c6 4. cxd5 exd5 5. Qc2 Bd6 6. a3 Ne7 7. Bg5 h6 8. Bxe7 Bxe7 9. e3 Nd7 10. Bd3 Bd6 11. Nf3 0-0 12. 0-0 Re8 13. b4 a6 14. Rfb1 Qe7 15. Nd2 Nf6 16. Nf1 g6 17. f3 a5 18. bxa5 Rxa5 19. a4 Kg7 20. Ne2 h5 21. Qc3 Qd8 22. Nc1 h4 23. Nb3 Ra7 24. Nc5 b6 25. Nb3 c5 26. Bb5 Ree7 27. a5 c4 28. axb6 Rxa1 29. Nxa1 Qxb6 30. Nd2 Qc7 31. h3 Bh2+ 32. Kh1 Nh5 33. Nf1 Ng3+ 34. Nxg3 Bxg3 35. Rf1 Qb6 36. Ba4 Ra7 37. Bc2 Qd6 38. e4 Ra3 39. Qb2 Re3 40. exd5 Re2 41. Qc3 Bxh3 0-1

[Event "VIE-chT"]
[Site "Ho Chi Minh City"]
[Date "2013.08.21"]
[Round "11"]
[White "Nguyen, Ha Phuong"]
[Black "Hoang, Van Ngoc"]
[Result "0-1"]
[WhiteElo "2026"]
[BlackElo "2263"]
[PlyCount "74"]
[EventDate "2013.08.14"]
[EventType "team-swiss"]
[EventRounds "11"]
[EventCountry "VIE"]
[SourceTitle "CBM 156 Extra"]
[Source "ChessBase"]
[SourceDate "2013.10.22"]
[SourceVersion "1"]
[SourceVersionDate "2013.10.22"]
[SourceQuality "1"]

1. d4 Nf6 2. g3 d5 3. Bg2 g6 4. Nf3 Bg7 5. 0-0 0-0 6. c4 c6 7. cxd5 cxd5 8. Nc3 a6 9. Ne5 e6 10. h3 b5 11. Qb3 Qe7 12. e4 Nxe4 13. Nxe4 dxe4 14. Bxe4 Bb7 15. Qf3 Bxe4 16. Qxe4 Nd7 17. Qb7 Bxe5 18. dxe5 Rab8 19. Qc7 Rfc8 20. Qd6 Qxd6 21. exd6 Rc2 22. a4 b4 23. f4 Rb6 24. Rd1 Rcc6 25. a5 Rxd6 26. axb6 Rxd1+ 27. Kf2 Nxb6 28. Rxa6 Rxc1 29. Rxb6 Rc2+ 30. Kf3 Rxb2 31. g4 Rb3+ 32. Ke4 Rxh3 33. Rxb4 h6 34. Ke5 Kg7 35. Rb7 Rg3 36. f5 exf5 37. gxf5 Rg5 0-1

[Event "VIE-chT"]
[Site "Ho Chi Minh City"]
[Date "2012.09.25"]
[Round "7"]
[White "Hoang, Van Ngoc"]
[Black "Bao, Khoa"]
[Result "1-0"]
[WhiteElo "2251"]
[BlackElo "2253"]
[PlyCount "102"]
[EventDate "2012.09.21"]
[EventType "team-tourn"]
[EventRounds "9"]
[EventCountry "VIE"]
[SourceTitle "CBM 150 Extra"]
[Source "ChessBase"]
[SourceDate "2012.10.19"]
[SourceVersion "1"]
[SourceVersionDate "2012.10.19"]
[SourceQuality "1"]

1. d4 Nf6 2. c4 e6 3. Nf3 Be7 4. Nc3 d5 5. e3 c6 6. Bd3 0-0 7. 0-0 Nbd7 8. b3 b6 9. Bb2 Bb7 10. Rc1 Bd6 11. e4 dxe4 12. Nxe4 Nxe4 13. Bxe4 Nf6 14. Bc2 Qe7 15. Qe2 Ba3 16. Bxa3 Qxa3 17. Ng5 Rfd8 18. Rcd1 Qd6 19. h3 c5 20. dxc5 Qxc5 21. Ne4 Nxe4 22. Bxe4 Bxe4 23. Qxe4 h6 24. Rd3 Rac8 25. Rfd1 Rxd3 26. Rxd3 Qa3 27. Qe5 Qxa2 28. Rg3 Qb1+ 29. Kh2 g6 30. Rf3 Qd1 31. Qf4 Qd7 32. Qxh6 b5 33. Rf4 Qd6 34. g3 Qd2 35. Qg5 bxc4 36. Qf6 Qxf4 37. Qxf4 c3 38. Qc1 c2 39. Kg2 Kg7 40. g4 Kf6 41. Kf3 Rc3+ 42. Ke2 e5 43. h4 Rc8 44. Kd3 Ke6 45. h5 gxh5 46. gxh5 Kf5 47. h6 Kg6 48. Ke4 f6 49. Qg1+ Kxh6 50. Kf5 Kh7 51. Qh1+ Kg8 1-0

[Event "VIE-chT"]
[Site "Ho Chi Minh City"]
[Date "2012.09.24"]
[Round "5"]
[White "Hoang, Van Ngoc"]
[Black "Huynh Lam Binh, Nguyen"]
[Result "1-0"]
[WhiteElo "2251"]
[BlackElo "2017"]
[PlyCount "56"]
[EventDate "2012.09.21"]
[EventType "team-tourn"]
[EventRounds "9"]
[EventCountry "VIE"]
[SourceTitle "CBM 150 Extra"]
[Source "ChessBase"]
[SourceDate "2012.10.19"]
[SourceVersion "1"]
[SourceVersionDate "2012.10.19"]
[SourceQuality "1"]

1. d4 d5 2. c4 c6 3. Nc3 Nf6 4. Nf3 e6 5. e3 Bd6 6. Bd3 dxc4 7. Bxc4 0-0 8. 0-0 b5 9. Bd3 Nbd7 10. e4 e5 11. Bg5 b4 12. Ne2 h6 13. Bh4 Re8 14. Qc2 Bb7 15. Rfd1 Qb6 16. dxe5 Nxe5 17. Bxf6 Nxf3+ 18. gxf3 gxf6 19. Bc4 Bxh2+ 20. Kg2 Qc7 21. Qd2 Re5 22. Qxh6 Rg5+ 23. Kh1 Ba6 24. Qxf6 Rg7 25. Bxa6 Be5 26. Qf5 Qe7 27. Ng1 Qh4+ 28. Nh3 Rh7 1-0

[Event "VIE-ch"]
[Site "Can Tho"]
[Date "2012.03.24"]
[Round "9"]
[White "Nguyen, Van Hai"]
[Black "Hoang, Van Ngoc"]
[Result "1-0"]
[WhiteElo "2311"]
[BlackElo "2201"]
[PlyCount "99"]
[EventDate "2012.03.19"]
[EventType "swiss"]
[EventRounds "9"]
[EventCountry "VIE"]
[SourceTitle "EXT 2013"]
[Source "ChessBase"]
[SourceDate "2012.11.22"]
[SourceVersion "1"]
[SourceVersionDate "2012.11.22"]
[SourceQuality "1"]

1. d4 d5 2. Nf3 Nf6 3. Bf4 c5 4. dxc5 Nc6 5. c3 a5 6. a4 e6 7. e3 Bxc5 8. Be2 0-0 9. Na3 Qe7 10. 0-0 Ne4 11. Nb5 e5 12. Bg3 Nxg3 13. hxg3 Be6 14. Qd2 Rfd8 15. Rfd1 h6 16. Qc2 Rac8 17. Rd2 g6 18. Rad1 Kg7 19. b3 Qf6 20. Qb2 Kh7 21. Qa1 Kg7 22. c4 dxc4 23. Rxd8 Rxd8 24. Rxd8 Qxd8 25. Bxc4 Bxc4 26. bxc4 f6 27. Qb1 Bb4 28. Kh2 Qd7 29. Qe4 Ne7 30. g4 Qc6 31. Qc2 Qe6 32. Qe4 Qc6 33. Qc2 Qe6 34. Kg3 Qc6 35. Nh4 Qe6 36. Qe4 Qd7 37. Qc2 b6 38. Qe4 Qc6 39. Qc2 Qd7 40. Nf3 Qc6 41. Nd2 f5 42. Kh2 Kf6 43. gxf5 gxf5 44. Nf3 Qe4 45. Qd1 Qxc4 46. Qd8 Qc8 47. Qxb6+ Qe6 48. Qd8 e4 49. Qh8+ Kf7 50. Ne5+ 1-0

[Event "VIE-ch"]
[Site "Can Tho"]
[Date "2012.03.23"]
[Round "8"]
[White "Lu, Chan Hung"]
[Black "Hoang, Van Ngoc"]
[Result "0-1"]
[WhiteElo "2089"]
[BlackElo "2201"]
[PlyCount "42"]
[EventDate "2012.03.19"]
[EventType "swiss"]
[EventRounds "9"]
[EventCountry "VIE"]
[SourceTitle "EXT 2013"]
[Source "ChessBase"]
[SourceDate "2012.11.22"]
[SourceVersion "1"]
[SourceVersionDate "2012.11.22"]
[SourceQuality "1"]

1. c4 Nf6 2. Nc3 e5 3. Nf3 Nc6 4. d4 exd4 5. Nxd4 Bb4 6. Nxc6 bxc6 7. Bd2 0-0 8. g3 d5 9. Bg2 Bg4 10. h3 Bh5 11. 0-0 Re8 12. Re1 Rb8 13. Be3 Rxe3 14. fxe3 Qe7 15. Qd2 Bc5 16. Nd1 Qe5 17. cxd5 Qxg3 18. Kf1 Bg4 19. hxg4 Nxg4 20. Rc1 Bxe3 21. Nxe3 Qf2# 0-1

[Event "VIE-ch"]
[Site "Can Tho"]
[Date "2012.03.19"]
[Round "1"]
[White "Hoang, Van Ngoc"]
[Black "Bui, Vinh"]
[Result "1-0"]
[WhiteElo "2201"]
[BlackElo "2463"]
[PlyCount "75"]
[EventDate "2012.03.19"]
[EventType "swiss"]
[EventRounds "9"]
[EventCountry "VIE"]
[SourceTitle "EXT 2013"]
[Source "ChessBase"]
[SourceDate "2012.11.22"]
[SourceVersion "1"]
[SourceVersionDate "2012.11.22"]
[SourceQuality "1"]

1. d4 e6 2. c4 f5 3. Nc3 Nf6 4. g3 Bb4 5. Bg2 0-0 6. Nh3 Ne4 7. Qc2 Nc6 8. d5 Nd4 9. Qd3 Qf6 10. 0-0 Nxc3 11. bxc3 Bxc3 12. Rb1 f4 13. Bxf4 e5 14. Be3 d6 15. Ng5 Bf5 16. Be4 Ba5 17. Bxd4 Qxg5 18. Be3 Bxe4 19. Qxe4 Qd8 20. Rxb7 Bb6 21. Qg4 Kh8 22. a4 h6 23. a5 Bxe3 24. fxe3 Rxf1+ 25. Kxf1 Qf6+ 26. Qf3 Qe7 27. Qe4 Rf8+ 28. Ke1 Qd7 29. c5 dxc5 30. Qxe5 Qa4 31. Qc3 Qe4 32. Qxc5 Rf5 33. Rb8+ Kh7 34. Rd8 Qb1+ 35. Kd2 Qa2+ 36. Kd3 Rf1 37. Qc2 Qxa5 38. Kc4+ 1-0

[Event "VIE-ch"]
[Site "Can Tho"]
[Date "2012.03.19"]
[Round "2"]
[White "Tu, Hoang Thong"]
[Black "Hoang, Van Ngoc"]
[Result "1-0"]
[WhiteElo "2416"]
[BlackElo "2201"]
[PlyCount "93"]
[EventDate "2012.03.19"]
[EventType "swiss"]
[EventRounds "9"]
[EventCountry "VIE"]
[SourceTitle "EXT 2013"]
[Source "ChessBase"]
[SourceDate "2012.11.22"]
[SourceVersion "1"]
[SourceVersionDate "2012.11.22"]
[SourceQuality "1"]

1. d4 d5 2. Nf3 Nf6 3. Bf4 c6 4. Nbd2 Bg4 5. Ne5 Bh5 6. c4 Nbd7 7. Qb3 Qb6 8. e3 dxc4 9. Nexc4 Qxb3 10. Nxb3 Nd5 11. Bg3 Nb4 12. Kd2 Nf6 13. f3 Nbd5 14. a3 e6 15. Rc1 Be7 16. Nba5 0-0-0 17. Ne5 Nc7 18. Bd3 Bd6 19. Rc3 Nfd5 20. Rb3 Bxe5 21. Bxe5 Nb6 22. g4 Bg6 23. Bxg7 Rhg8 24. Bf6 Rd5 25. Nc4 Bxd3 26. Nxb6+ axb6 27. Kxd3 Rb5 28. Rxb5 Nxb5 29. Rg1 Kd7 30. Rg3 h6 31. Rh3 Rg6 32. Be5 Nd6 33. Bf4 b5 34. Rxh6 Rxh6 35. Bxh6 Ke7 36. b3 f6 37. Bf4 Nc8 38. h4 Kf7 39. Kc3 Nb6 40. e4 f5 41. h5 fxg4 42. fxg4 Nd7 43. g5 Kg7 44. Kb4 Kh7 45. Ka5 Kg7 46. b4 Kf7 47. Be5 1-0

[Event "VIE-ch"]
[Site "Da Lat"]
[Date "2011.03.25"]
[Round "8"]
[White "Nguyen, Minh Tuan"]
[Black "Hoang, Van Ngoc"]
[Result "0-1"]
[WhiteElo "2115"]
[BlackElo "2179"]
[PlyCount "59"]
[EventDate "2011.03.20"]
[EventType "swiss"]
[EventRounds "11"]
[EventCountry "VIE"]
[SourceTitle "CBM 141 Extra"]
[Source "ChessBase"]
[SourceDate "2011.05.03"]
[SourceVersion "1"]
[SourceVersionDate "2011.05.03"]
[SourceQuality "1"]

1. d4 Nf6 2. Nf3 d5 3. c4 e6 4. e3 c6 5. Bd3 Be7 6. Nbd2 0-0 7. 0-0 dxc4 8. Nxc4 c5 9. dxc5 Bxc5 10. b3 b6 11. Bb2 Bb7 12. Qe2 Nc6 13. Rfd1 Qe7 14. a3 a5 15. Ng5 e5 16. b4 axb4 17. axb4 Rxa1 18. Bxa1 Nxb4 19. Nxe5 Nxd3 20. Qxd3 h6 21. Ngf3 Ra8 22. h3 Be4 23. Qc3 Qe6 24. Ng4 Be7 25. Nd4 Qd7 26. Qb3 Nxg4 27. hxg4 Bd5 28. Qxb6 Bxg2 29. Rb1 Qxg4 30. Nf5 0-1

[Event "VIE-ch"]
[Site "Da Lat"]
[Date "2011.03.22"]
[Round "4"]
[White "Tu, Hoang Thai"]
[Black "Hoang, Van Ngoc"]
[Result "1-0"]
[WhiteElo "2378"]
[BlackElo "2179"]
[PlyCount "65"]
[EventDate "2011.03.20"]
[EventType "swiss"]
[EventRounds "11"]
[EventCountry "VIE"]
[SourceTitle "CBM 141 Extra"]
[Source "ChessBase"]
[SourceDate "2011.05.03"]
[SourceVersion "1"]
[SourceVersionDate "2011.05.03"]
[SourceQuality "1"]

1. d4 Nf6 2. Bg5 Ne4 3. Bf4 d5 4. e3 c5 5. Bd3 Nf6 6. dxc5 Nc6 7. Nf3 Bg4 8. Bb5 Qa5+ 9. Nc3 e6 10. Qd4 Bxf3 11. gxf3 Nd7 12. Bxc6 bxc6 13. b4 Qa3 14. Bg3 Be7 15. e4 a5 16. b5 e5 17. Qd2 d4 18. bxc6 Nxc5 19. Nd5 Qxf3 20. 0-0 Nxe4 21. Qd3 Qxd3 22. cxd3 Nxg3 23. hxg3 Bd6 24. Rab1 0-0 25. Rfc1 f5 26. c7 Rac8 27. Rc6 Bb4 28. Nb6 Rxc7 29. Rxc7 e4 30. Nd5 e3 31. Nxb4 axb4 32. fxe3 dxe3 33. Rxb4 1-0